山西人口最多的20个县级行政区 20 most populous county-level regions in Shanxi - Statistics

General Stats
  • This quiz has been taken 45 times
  • The average score is 16 of 20
Answer Stats
人口 地市 县区 % Correct
136 太原市 小店区
94%
95 太原市 万柏林区
94%
90 晋中市 榆次区
94%
93 运城市 盐湖区
91%
53 太原市 尖草坪区
91%
78 太原市 杏花岭区
88%
68 大同市 云冈区
88%
111 大同市 平城区
82%
96 临汾市 尧都区
82%
59 太原市 迎泽区
82%
58 忻州市 忻府区
82%
57 晋城市 城区
82%
57 朔州市 朔城区
76%
46 吕梁市 离石区
76%
64 临汾市 洪洞县
71%
90 长治市 潞州区
68%
48 吕梁市 孝义市
68%
45 晋中市 平遥县
68%
45 晋城市 高平市
56%
48 运城市 临猗县
53%
No matching quizzes found
Score Distribution
Percent of People with Each Score
Percentile by Number Answered
Your Score History
You have not taken this quiz